[Event "EWIBCC 2019"]
[Site "Monte-Carlo"]
[Date "2019.11.29"]
[Round "7.16"]
[White "Janzelj, Lara"]
[Black "Osmak, Iulija"]
[Result "1-0"]
[WhiteElo "2158"]
[BlackElo "2401"]
[Annotator "ChessBase"]
[PlyCount "26"]
[EventDate "2019.11.29"]
[EventType "swiss"]
[EventCountry "MNC"]
[SourceTitle "playchess.com"]
[Source "ChessBase"]
[SourceQuality "1"]
[TimeControl "180+2"]

1. d4 {[%emt 0:00:00]} e6 {[%emt 0:00:01]} 2. Nf3 {[%emt 0:00:00]} f5 {[%emt 0:00:01]} 3. c4 {[%emt 0:00:01]} d5 {[%emt 0:00:02]} 4. g3 {[%emt 0:00:02]} c6 {[%emt 0:00:03]} 5. Bg2 {[%emt 0:00:01]} Bd6 {[%emt 0:00:01]} 6. b3 {[%emt 0:00:01]} Qe7 {[%emt 0:00:01]} 7. O-O {[%emt 0:00:02]} Nf6 {[%emt 0:00:01]} 8. Bf4 {[%emt 0:00:01]} Bxf4 {[%emt 0:00:04]} 9. gxf4 {[%emt 0:00:01]} Nbd7 {[%emt 0:00:05]} 10. Nbd2 {[%emt 0:00:03]} Ne4 {[%emt 0:00:05]} 11. e3 {[%emt 0:00:07]} O-O {[%emt 0:00:05]} 12. Kh1 {[%emt 0:00:06]} Ndf6 {[%emt 0:00:10]} 13. Ne5 {[%emt 0:00:11]} Bd7 {[%emt 0:00:18]} 1-0

[Event "EWIBCC 2019"]
[Site "Monte-Carlo"]
[Date "2019.11.29"]
[Round "7.17"]
[White "Benmesbah, Natacha"]
[Black "Zhukova, Natalia"]
[Result "0-1"]
[WhiteElo "2265"]
[BlackElo "2323"]
[Annotator "NA"]
[PlyCount "90"]
[EventDate "2019.11.29"]
[EventType "swiss"]
[EventCountry "MNC"]
[SourceTitle "playchess.com"]
[Source "ChessBase"]
[SourceQuality "1"]
[TimeControl "180+2"]

1. e4 {[%emt 0:00:00]} e5 {[%emt 0:00:00]} 2. Nf3 {[%emt 0:00:00]} Nc6 {[%emt 0:00:00]} 3. Bc4 {[%emt 0:00:01]} Nf6 {[%emt 0:00:02]} 4. d3 {[%emt 0:00:01]} Bc5 {[%emt 0:00:05]} 5. c3 {[%emt 0:00:01]} O-O {[%emt 0:00:01]} 6. Bg5 {[%emt 0:00:06]} h6 {[%emt 0:00:03]} 7. Bh4 {[%emt 0:00:02]} Be7 {[%emt 0:00:04]} 8. Nbd2 {[%emt 0:00:11]} d6 {[%emt 0:00:01]} 9. Bb3 {[%emt 0:00:16]} Nh5 {[%emt 0:00:26]} 10. g3 {[%emt 0:00:17]} Bh3 {[%emt 0:00:29]} 11. Bxe7 {[%emt 0:00:53]} Qxe7 {[%emt 0:00:01]} 12. Nh4 {[%emt 0:00:02]} Nf4 {[%emt 0:00:11]} 13. gxf4 {[%emt 0:00:25]} Qxh4 {[%emt 0:00:02]} 14. Qf3 {[%emt 0:00:01]} exf4 {[%emt 0:00:08]} 15. Rg1 {[%emt 0:00:02]} Ne5 {[%emt 0:00:07]} 16. Qe2 {[%emt 0:00:04]} Bg4 {[%emt 0:00:17]} 17. Qf1 {[%emt 0:00:02]} Nf3+ {[%emt 0:00:26]} 18. Nxf3 {[%emt 0:00:02]} Bxf3 {[%emt 0:00:01]} 19. Kd2 {[%emt 0:00:19]} c6 {[%emt 0:00:05]} 20. Re1 {[%emt 0:00:02]} a5 {[%emt 0:00:05]} 21. a3 {[%emt 0:00:05]} b5 {[%emt 0:00:02]} 22. d4 {[%emt 0:00:08]} b4 {[%emt 0:00:07]} 23. Qd3 {[%emt 0:00:11]} bxc3+ {[%emt 0:00:12]} 24. Kxc3 {[%emt 0:00:07]} Bh5 {[%emt 0:00:11]} 25. f3 {[%emt 0:00:16]} Rab8 {[%emt 0:00:07]} 26. Kc2 {[%emt 0:00:01]} c5 {[%emt 0:00:05]} 27. dxc5 {[%emt 0:00:02]} dxc5 {[%emt 0:00:00]} 28. Kb1 {[%emt 0:00:01]} Rfd8 {[%emt 0:00:18]} 29. Qc4 {[%emt 0:00:02]} Qf2 {[%emt 0:00:15]} 30. Qc3 {[%emt 0:00:05]} Qd4 {[%emt 0:00:04]} 31. Qxd4 {[%emt 0:00:02]} Rxd4 {[%emt 0:00:02]} 32. Rc1 {[%emt 0:00:01]} Bxf3 {[%emt 0:00:03]} 33. Rxc5 {[%emt 0:00:02]} Rxb3 {[%emt 0:00:02]} 34. Rc8+ {[%emt 0:00:01]} Kh7 {[%emt 0:00:00]} 35. Ka2 {[%emt 0:00:00]} a4 {[%emt 0:00:02]} 36. Rc7 {[%emt 0:00:02]} Bh5 {[%emt 0:00:04]} 37. e5 {[%emt 0:00:01]} Rd2 {[%emt 0:00:02]} 38. e6 {[%emt 0:00:01]} Rbxb2+ {[%emt 0:00:02]} 39. Ka1 {[%emt 0:00:00]} Ra2+ 40. Kb1 Bg6+ {[%emt 0:00:03]} 41. Kc1 {[%emt 0:00:02]} Rdc2+ {[%emt 0:00:02]} 42. Rxc2 {[%emt 0:00:01]} Rxc2+ {[%emt 0:00:01]} 43. Kd1 {[%emt 0:00:00]} Rc8 {[%emt 0:00:03]} 44. e7 {[%emt 0:00:02]} Re8 {[%emt 0:00:01]} 45. Re1 {[%emt 0:00:00]} f5 {[%emt 0:00:02]} 0-1

[Event "EWIBCC 2019"]
[Site "Monte-Carlo"]
[Date "2019.11.29"]
[Round "7.18"]
[White "Gaprindashvili, Nona"]
[Black "Worek, Joanna"]
[Result "0-1"]
[WhiteElo "2275"]
[BlackElo "2316"]
[Annotator "NA"]
[PlyCount "144"]
[EventDate "2019.11.29"]
[EventType "swiss"]
[EventCountry "MNC"]
[SourceTitle "playchess.com"]
[Source "ChessBase"]
[SourceQuality "1"]
[TimeControl "180+2"]

1. d4 {[%emt 0:00:00]} Nf6 {[%emt 0:00:00]} 2. c4 {[%emt 0:00:00]} c5 {[%emt 0:00:01]} 3. d5 {[%emt 0:00:01]} b5 {[%emt 0:00:01]} 4. cxb5 {[%emt 0:00:17]} a6 {[%emt 0:00:01]} 5. b6 {[%emt 0:00:07]} d6 {[%emt 0:00:18]} 6. Nc3 {[%emt 0:00:03]} Nbd7 {[%emt 0:00:07]} 7. e4 {[%emt 0:00:04]} Qxb6 {[%emt 0:00:05]} 8. Nf3 {[%emt 0:00:10]} g6 {[%emt 0:00:03]} 9. Be2 {[%emt 0:00:09]} Bg7 {[%emt 0:00:02]} 10. O-O {[%emt 0:00:03]} O-O {[%emt 0:00:02]} 11. Qc2 {[%emt 0:00:03]} a5 {[%emt 0:00:12]} 12. Nd2 {[%emt 0:00:02]} Ba6 {[%emt 0:00:03]} 13. Nc4 {[%emt 0:00:02]} Bxc4 {[%emt 0:00:04]} 14. Bxc4 {[%emt 0:00:01]} a4 {[%emt 0:00:34]} 15. Bg5 {[%emt 0:00:16]} a3 {[%emt 0:00:17]} 16. Rab1 {[%emt 0:00:07]} axb2 {[%emt 0:00:05]} 17. Rxb2 {[%emt 0:00:02]} Qa5 {[%emt 0:00:14]} 18. Rb5 {[%emt 0:00:15]} Qc7 {[%emt 0:00:15]} 19. a4 {[%emt 0:00:05]} Ne5 {[%emt 0:00:08]} 20. Be2 {[%emt 0:00:04]} c4 {[%emt 0:00:01]} 21. Rfb1 {[%emt 0:00:04]} h6 {[%emt 0:00:06]} 22. Be3 {[%emt 0:00:02]} Rfc8 {[%emt 0:00:16]} 23. Bb6 {[%emt 0:00:10]} Qd7 {[%emt 0:00:01]} 24. a5 {[%emt 0:00:03]} Nd3 {[%emt 0:00:08]} 25. Bxd3 {[%emt 0:00:07]} cxd3 {[%emt 0:00:01]} 26. Qxd3 {[%emt 0:00:01]} Ng4 {[%emt 0:00:04]} 27. Bd4 {[%emt 0:00:09]} Ne5 {[%emt 0:00:08]} 28. Bxe5 {[%emt 0:00:13]} Bxe5 {[%emt 0:00:02]} 29. Na4 {[%emt 0:00:02]} Qc7 {[%emt 0:00:16]} 30. g3 {[%emt 0:00:07]} Rxa5 {[%emt 0:00:01]} 31. Nb6 {[%emt 0:00:22]} Rb8 {[%emt 0:00:02]} 32. Rxa5 {[%emt 0:00:04]} Rxb6 {[%emt 0:00:01]} 33. Rab5 {[%emt 0:00:02]} Rxb5 {[%emt 0:00:27]} 34. Qxb5 {[%emt 0:00:02]} Qc2 {[%emt 0:00:00]} 35. Re1 {[%emt 0:00:11]} Bd4 {[%emt 0:00:00]} 36. Re2 {[%emt 0:00:02]} Qd1+ {[%emt 0:00:00]} 37. Kg2 {[%emt 0:00:01]} Kg7 {[%emt 0:00:00]} 38. Qc4 {[%emt 0:00:07]} Bc5 {[%emt 0:00:00]} 39. Qc3+ {[%emt 0:00:02]} Bd4 {[%emt 0:00:00]} 40. Qc2 {[%emt 0:00:02]} Qa1 {[%emt 0:00:00]} 41. h4 {[%emt 0:00:02]} h5 {[%emt 0:00:00]} 42. Qd2 {[%emt 0:00:02]} Bc5 {[%emt 0:00:00]} 43. Qf4 {[%emt 0:00:03]} Bd4 {[%emt 0:00:00]} 44. Qf3 {[%emt 0:00:02]} Qd1 {[%emt 0:00:00]} 45. Re3 {[%emt 0:00:02]} Qb1 {[%emt 0:00:00]} 46. Rd3 {[%emt 0:00:01]} Be5 {[%emt 0:00:00]} 47. Qe2 {[%emt 0:00:01]} Qb5 {[%emt 0:00:00]} 48. f4 {[%emt 0:00:02]} Bd4 {[%emt 0:00:00]} 49. Qd2 {[%emt 0:00:03]} Bc5 {[%emt 0:00:00]} 50. Qc3+ {[%emt 0:00:02]} f6 {[%emt 0:00:00]} 51. e5 {[%emt 0:00:01]} Qb1 {[%emt 0:00:01]} 52. exf6+ {[%emt 0:00:02]} exf6 {[%emt 0:00:01]} 53. Qd2 {[%emt 0:00:05]} Qg1+ {[%emt 0:00:01]} 54. Kh3 {[%emt 0:00:08]} Qh1+ {[%emt 0:00:01]} 55. Qh2 {[%emt 0:00:03]} Qf1+ {[%emt 0:00:01]} 56. Qg2 {[%emt 0:00:01]} Qxd3 {[%emt 0:00:00]} 57. Qh1 {[%emt 0:00:17]} Bf2 {[%emt 0:00:05]} 58. Qg2 {[%emt 0:00:00]} Bxg3 {[%emt 0:00:02]} 59. Qxg3 {[%emt 0:00:01]} Qxd5 {[%emt 0:00:01]} 60. Qe3 {[%emt 0:00:02]} Qf5+ {[%emt 0:00:01]} 61. Kg3 {[%emt 0:00:01]} Qg4+ {[%emt 0:00:01]} 62. Kh2 {[%emt 0:00:02]} Qxh4+ {[%emt 0:00:00]} 63. Kg2 {[%emt 0:00:00]} Qg4+ {[%emt 0:00:02]} 64. Kf2 {[%emt 0:00:01]} Kh6 {[%emt 0:00:07]} 65. f5+ {[%emt 0:00:01]} g5 {[%emt 0:00:01]} 66. Qe6 {[%emt 0:00:02]} Qf4+ {[%emt 0:00:03]} 67. Kg2 {[%emt 0:00:01]} Qe5 {[%emt 0:00:03]} 68. Qd7 {[%emt 0:00:04]} g4 {[%emt 0:00:07]} 69. Qc8 {[%emt 0:00:02]} Kg5 {[%emt 0:00:03]} 70. Qc1+ {[%emt 0:00:10]} Kxf5 {[%emt 0:00:01]} 71. Qc8+ {[%emt 0:00:04]} Kg5 {[%emt 0:00:02]} 72. Qg8+ {[%emt 0:00:01]} Kh4 {[%emt 0:00:01]} 0-1

[Event "EWIBCC 2019"]
[Site "Monte-Carlo"]
[Date "2019.11.29"]
[Round "7.19"]
[White "Dornbusch, Tatiana"]
[Black "Novkovic, Julia"]
[Result "1-0"]
[WhiteElo "2269"]
[BlackElo "2161"]
[Annotator "NA"]
[PlyCount "35"]
[EventDate "2019.11.29"]
[EventType "swiss"]
[EventCountry "MNC"]
[SourceTitle "playchess.com"]
[Source "ChessBase"]
[SourceQuality "1"]
[TimeControl "180+2"]

1. d4 {[%emt 0:00:00]} g6 {[%emt 0:00:00]} 2. Nf3 {[%emt 0:00:00]} Bg7 {[%emt 0:00:00]} 3. g3 {[%emt 0:00:01]} d6 {[%emt 0:00:01]} 4. Bg2 {[%emt 0:00:02]} Nc6 {[%emt 0:00:01]} 5. O-O {[%emt 0:00:09]} e5 {[%emt 0:00:03]} 6. d5 {[%emt 0:00:11]} Nce7 {[%emt 0:00:02]} 7. e4 {[%emt 0:00:04]} h5 {[%emt 0:00:15]} 8. Nc3 {[%emt 0:00:23]} Bh6 {[%emt 0:00:10]} 9. Ng5 {[%emt 0:00:19]} h4 {[%emt 0:00:12]} 10. Qf3 {[%emt 0:00:22]} f6 {[%emt 0:00:48]} 11. Ne6 {[%emt 0:00:01]} Bxe6 {[%emt 0:00:21]} 12. dxe6 {[%emt 0:00:01]} Nc6 {[%emt 0:00:02]} 13. Qg4 {[%emt 0:00:11]} Nce7 {[%emt 0:00:16]} 14. Qxh4 {[%emt 0:00:07]} Bg7 {[%emt 0:00:11]} 15. Qg4 {[%emt 0:00:03]} c6 {[%emt 0:00:12]} 16. Be3 {[%emt 0:00:10]} f5 {[%emt 0:00:13]} 17. exf5 {[%emt 0:00:02]} Nxf5 {[%emt 0:00:08]} 18. Qxg6+ {[%emt 0:00:02]} 1-0

[Event "EWIBCC 2019"]
[Site "Monte-Carlo"]
[Date "2019.11.29"]
[Round "7.20"]
[White "Andric, Jelena"]
[Black "Unuk, Laura"]
[Result "0-1"]
[WhiteElo "2076"]
[BlackElo "2298"]
[Annotator "ChessBase"]
[PlyCount "66"]
[EventDate "2019.11.29"]
[EventType "swiss"]
[EventCountry "MNC"]
[SourceTitle "playchess.com"]
[Source "ChessBase"]
[SourceQuality "1"]
[TimeControl "180+2"]

1. c4 {[%emt 0:00:00]} Nf6 {[%emt 0:00:00]} 2. g3 {[%emt 0:00:01]} e6 {[%emt 0:00:01]} 3. Bg2 {[%emt 0:00:05]} d5 {[%emt 0:00:01]} 4. Nf3 {[%emt 0:00:06]} c5 {[%emt 0:00:07]} 5. cxd5 {[%emt 0:00:06]} Nxd5 {[%emt 0:00:11]} 6. Nc3 {[%emt 0:00:01]} Nc6 {[%emt 0:00:05]} 7. O-O {[%emt 0:00:02]} Nc7 {[%emt 0:00:08]} 8. d3 {[%emt 0:00:07]} Be7 {[%emt 0:00:02]} 9. Bf4 {[%emt 0:00:18]} f6 {[%emt 0:00:02]} 10. Rc1 {[%emt 0:00:14]} e5 {[%emt 0:00:03]} 11. Bd2 {[%emt 0:00:14]} Be6 {[%emt 0:00:14]} 12. b3 {[%emt 0:00:05]} O-O {[%emt 0:00:11]} 13. Ne4 {[%emt 0:00:09]} b6 {[%emt 0:00:02]} 14. Ne1 {[%emt 0:00:05]} Qd7 {[%emt 0:00:14]} 15. Nc2 {[%emt 0:00:09]} Nd5 {[%emt 0:00:08]} 16. Ne3 {[%emt 0:00:04]} Nxe3 {[%emt 0:00:06]} 17. Bxe3 {[%emt 0:00:02]} a5 {[%emt 0:00:03]} 18. Qc2 {[%emt 0:00:10]} a4 {[%emt 0:00:10]} 19. Qb2 {[%emt 0:00:17]} axb3 {[%emt 0:00:13]} 20. axb3 {[%emt 0:00:01]} Nb4 {[%emt 0:00:04]} 21. Ra1 {[%emt 0:00:09]} Rxa1 22. Rxa1 {[%emt 0:00:01]} f5 {[%emt 0:00:27]} 23. Nc3 {[%emt 0:00:05]} f4 {[%emt 0:00:02]} 24. Bd2 {[%emt 0:00:04]} Qd4 {[%emt 0:00:10]} 25. Ra7 {[%emt 0:00:14]} Bf6 {[%emt 0:00:02]} 26. Bf1 {[%emt 0:00:13]} Bg5 {[%emt 0:00:27]} 27. Rb7 {[%emt 0:00:15]} fxg3 {[%emt 0:00:02]} 28. e3 {[%emt 0:00:06]} gxf2+ {[%emt 0:00:05]} 29. Kh1 {[%emt 0:00:05]} Bd5+ {[%emt 0:00:03]} 30. e4 {[%emt 0:00:17]} Bxb7 {[%emt 0:00:03]} 31. Bxg5 {[%emt 0:00:17]} Nxd3 {[%emt 0:00:05]} 32. Qd2 {[%emt 0:00:00]} Bxe4+ {[%emt 0:00:03]} 33. Bg2 {[%emt 0:00:00]} f1=Q# {[%emt 0:00:04]} 0-1

[Event "EWIBCC 2019"]
[Site "Monte-Carlo"]
[Date "2019.11.29"]
[Round "8.2"]
[White "Muzychuk, Anna"]
[Black "Stefanova, Antoaneta"]
[Result "1-0"]
[WhiteElo "2543"]
[BlackElo "2481"]
[Annotator "ChessBase"]
[PlyCount "97"]
[EventDate "2019.11.29"]
[EventType "swiss"]
[EventCountry "MNC"]
[SourceTitle "playchess.com"]
[Source "ChessBase"]
[SourceQuality "1"]
[TimeControl "180+2"]

1. e4 {[%emt 0:00:00]} e5 {[%emt 0:00:00]} 2. Nf3 {[%emt 0:00:00]} Nc6 {[%emt 0:00:00]} 3. Bb5 {[%emt 0:00:01]} a6 {[%emt 0:00:01]} 4. Ba4 {[%emt 0:00:01]} g6 {[%emt 0:00:04]} 5. d4 {[%emt 0:00:06]} exd4 {[%emt 0:00:02]} 6. Nxd4 {[%emt 0:00:01]} Bg7 {[%emt 0:00:12]} 7. Nxc6 {[%emt 0:00:02]} dxc6 {[%emt 0:00:22]} 8. Qxd8+ {[%emt 0:00:05]} Kxd8 {[%emt 0:00:01]} 9. Nc3 {[%emt 0:00:09]} Be6 {[%emt 0:00:03]} 10. Bb3 {[%emt 0:00:03]} Bxb3 {[%emt 0:00:03]} 11. axb3 {[%emt 0:00:01]} Ne7 {[%emt 0:00:04]} 12. Bf4 {[%emt 0:00:03]} c5 {[%emt 0:00:32]} 13. Bg5 {[%emt 0:00:22]} f6 {[%emt 0:00:07]} 14. O-O-O+ {[%emt 0:00:06]} Kc8 {[%emt 0:00:04]} 15. Be3 {[%emt 0:00:02]} b6 {[%emt 0:00:02]} 16. Nd5 {[%emt 0:00:06]} Re8 {[%emt 0:00:24]} 17. f3 {[%emt 0:00:21]} Kb7 {[%emt 0:00:03]} 18. Bf4 {[%emt 0:00:12]} Rac8 {[%emt 0:00:14]} 19. h4 {[%emt 0:00:03]} h5 {[%emt 0:00:06]} 20. Rd2 {[%emt 0:00:09]} Nc6 {[%emt 0:00:07]} 21. c3 {[%emt 0:00:08]} Ne5 {[%emt 0:00:05]} 22. Rhd1 {[%emt 0:00:03]} a5 {[%emt 0:00:30]} 23. Kc2 {[%emt 0:00:03]} Ra8 {[%emt 0:00:04]} 24. Nxc7 {[%emt 0:00:10]} Kxc7 {[%emt 0:00:05]} 25. Rd7+ {[%emt 0:00:01]} Kc6 {[%emt 0:00:05]} 26. R1d6+ {[%emt 0:00:09]} Kb5 {[%emt 0:00:01]} 27. Rxg7 {[%emt 0:00:03]} a4 {[%emt 0:00:04]} 28. c4+ {[%emt 0:00:18]} Ka6 {[%emt 0:00:07]} 29. Bxe5 {[%emt 0:00:02]} fxe5 {[%emt 0:00:05]} 30. bxa4 {[%emt 0:00:03]} Ka5 {[%emt 0:00:01]} 31. b3 {[%emt 0:00:02]} b5 {[%emt 0:00:06]} 32. axb5 {[%emt 0:00:09]} Kb4 {[%emt 0:00:01]} 33. Ra6 {[%emt 0:00:07]} Rxa6 {[%emt 0:00:04]} 34. bxa6 {[%emt 0:00:01]} Rd8 {[%emt 0:00:09]} 35. a7 {[%emt 0:00:04]} Ra8 {[%emt 0:00:03]} 36. Rxg6 {[%emt 0:00:07]} Rxa7 {[%emt 0:00:02]} 37. Rb6+ {[%emt 0:00:01]} Ka3 {[%emt 0:00:02]} 38. Rb5 {[%emt 0:00:02]} Ka2 {[%emt 0:00:05]} 39. Rxc5 {[%emt 0:00:02]} Ka1 {[%emt 0:00:02]} 40. Rxe5 {[%emt 0:00:05]} Ra2+ {[%emt 0:00:01]} 41. Kc3 {[%emt 0:00:00]} Rxg2 {[%emt 0:00:01]} 42. Rxh5 {[%emt 0:00:02]} Ka2 {[%emt 0:00:03]} 43. Ra5+ {[%emt 0:00:02]} Kb1 {[%emt 0:00:01]} 44. Rg5 {[%emt 0:00:03]} Rc2+ {[%emt 0:00:01]} 45. Kd4 {[%emt 0:00:01]} Kb2 {[%emt 0:00:03]} 46. e5 {[%emt 0:00:07]} Kxb3 {[%emt 0:00:02]} 47. e6 {[%emt 0:00:02]} Rxc4+ {[%emt 0:00:01]} 48. Kd5 {[%emt 0:00:01]} Rxh4 {[%emt 0:00:02]} 49. e7 {[%emt 0:00:00]} 1-0

[Event "EWIBCC 2019"]
[Site "Monte-Carlo"]
[Date "2019.11.29"]
[Round "8.3"]
[White "Sebag, Marie"]
[Black "Kosteniuk, Alexandra"]
[Result "1/2-1/2"]
[WhiteElo "2443"]
[BlackElo "2483"]
[Annotator "TA"]
[PlyCount "103"]
[EventDate "2019.11.29"]
[EventType "swiss"]
[EventCountry "MNC"]
[SourceTitle "playchess.com"]
[Source "ChessBase"]
[SourceQuality "1"]

{[%evp 14,103,29,22,31,30,29,22,72,46,43,38,47,37,60,48,47,47,87,48,44,26,36,26,24,24,26,41,29,37,42,23,20,16,24,0,0,0,0,0,0,0,0,-4,-6,-9,0,0,0,0,-5,-27,-4,-8,1,-14,-6,-14,-14,-14,-14,-14,-14,-21,-20,-13,-9,-9,-9,-9,-9,-9,0,-9,-3,-5,0,0,0,0,0,0,0,0,0,0,0,0,0,0,0,0]} 1. e4 c5 2. Nf3 e6 3. c3 d5 4. exd5 Qxd5 5. d4 Nc6 6. Na3 Qd8 7. Bf4 Nf6 8. dxc5 Qxd1+ {B22: Sicilian: 2 c3} (8... Nd5 9. Bd6 Bxd6 10. cxd6 Qxd6 11. Nb5 Qe7 12. c4 a6 13. Nbd4 Ndb4 14. a3 Nxd4 15. Nxd4 Nc6 16. Nxc6 bxc6 {½-½ (31) Khamrakulov,I (2604)-Huerga Leache,M (2440) Ayamonte 2007}) 9. Rxd1 {[#] And now Nb5 would win.} Bxc5 10. Nb5 {Black must now prevent Nc7+.} Bb6 $146 ({Predecessor:} 10... O-O 11. Bd6 Bxd6 12. Nxd6 Rd8 13. g3 Kf8 14. Bg2 Ke7 15. Nxc8+ Raxc8 16. Ke2 b5 17. a3 Nd5 18. Nd4 Nxd4+ 19. Rxd4 Nb6 20. Rxd8 Rxd8 {½-½ (20) Schmittdiel,E (2423)-Schweda,R (2418) Austria 2007}) 11. Nc7+ Bxc7 $1 12. Bxc7 O-O 13. Ne5 Nd5 14. Bd6 {Threatens to win with Nxc6.} Nxe5 15. Bxe5 b6 16. Be2 Bb7 17. O-O f6 18. Bg3 Rfd8 19. Rd2 Ne7 20. Rfd1 Rxd2 21. Rxd2 {[#] Hoping for Rd7.} Kf7 22. Rd7 Bc6 23. Rc7 {Bd6 is the strong threat.} Rd8 24. Bf4 e5 25. Be3 Rd7 26. Bc4+ Ke8 27. Rxd7 Kxd7 $11 {[%mdl 4096] Endgame KBB-KBN} 28. a3 Nf5 29. Bd2 Nd6 30. Bg8 h6 31. f3 Bb5 32. Kf2 a5 33. Be3 {The position is equal.} Kc6 34. h4 a4 35. g4 Bc4 36. Bh7 Bf7 37. Bd3 b5 38. Be2 Bc4 39. Bd1 $1 g5 40. hxg5 hxg5 41. Bc2 Bd5 42. Bd3 Bc4 43. Bc2 Kd5 44. Bb6 Ke6 (44... Bb3 {is more complex.} 45. Bh7 Ke6 46. Bd8 Kf7 47. Kg3 Nc4) 45. Bc5 Bd5 46. Bxd6 Kxd6 {KB-KB} 47. Bd3 Kc5 48. Ke3 Bc6 49. Be2 Bd5 50. Bd3 Bc6 51. Be2 Bd5 52. Bd3 {Accuracy: White = 68%, Black = 62%.} 1/2-1/2

[Event "EWIBCC 2019"]
[Site "Monte-Carlo"]
[Date "2019.11.29"]
[Round "8.4"]
[White "Michna, Marta"]
[Black "Gunina, Valentina"]
[Result "0-1"]
[WhiteElo "2366"]
[BlackElo "2509"]
[Annotator "ChessBase"]
[PlyCount "38"]
[EventDate "2019.11.29"]
[EventType "swiss"]
[EventCountry "MNC"]
[SourceTitle "playchess.com"]
[Source "ChessBase"]
[SourceQuality "1"]
[TimeControl "180+2"]

1. d4 {[%emt 0:00:00]} Nf6 {[%emt 0:00:00]} 2. c3 {[%emt 0:00:00]} d5 {[%emt 0:00:00]} 3. Bf4 {[%emt 0:00:01]} c5 {[%emt 0:00:02]} 4. e3 {[%emt 0:00:01]} Nc6 {[%emt 0:00:03]} 5. Nd2 {[%emt 0:00:03]} Qb6 {[%emt 0:00:09]} 6. Qb3 {[%emt 0:00:08]} c4 {[%emt 0:00:10]} 7. Qc2 {[%emt 0:00:03]} g6 {[%emt 0:00:05]} 8. e4 {[%emt 0:00:43]} Nxe4 {[%emt 0:00:54]} 9. Nxe4 {[%emt 0:00:01]} dxe4 {[%emt 0:00:01]} 10. Bxc4 {[%emt 0:00:08]} Bg7 {[%emt 0:00:01]} 11. Be3 {[%emt 0:00:07]} Qc7 {[%emt 0:00:09]} 12. Ne2 {[%emt 0:00:08]} O-O {[%emt 0:00:10]} 13. Qxe4 {[%emt 0:00:45]} Bf5 {[%emt 0:00:03]} 14. Qh4 {[%emt 0:00:06]} Nb4 {[%emt 0:00:11]} 15. Bxf7+ {[%emt 0:00:11]} Rxf7 {[%emt 0:00:01]} 16. cxb4 {[%emt 0:00:01]} Qc2 {[%emt 0:00:01]} 17. f3 {[%emt 0:00:34]} Qxb2 {[%emt 0:00:05]} 18. Kf2 {[%emt 0:00:02]} Bd3 {[%emt 0:00:05]} 19. Rad1 {[%emt 0:00:04]} Qxe2+ {[%emt 0:00:03]} 0-1

[Event "EWIBCC 2019"]
[Site "Monte-Carlo"]
[Date "2019.11.29"]
[Round "8.5"]
[White "Bulmaga, Irina"]
[Black "Paehtz, Elisabeth"]
[Result "1-0"]
[WhiteElo "2435"]
[BlackElo "2484"]
[Annotator "RC"]
[PlyCount "89"]
[EventDate "2019.11.29"]
[EventType "swiss"]
[EventCountry "MNC"]
[SourceTitle "playchess.com"]
[Source "ChessBase"]
[SourceQuality "1"]
[TimeControl "180+2"]

1. e4 {[%emt 0:00:00]} c5 {[%emt 0:00:00]} 2. Nf3 {[%emt 0:00:00]} d6 {[%emt 0:00:00]} 3. d4 {[%emt 0:00:01]} cxd4 {[%emt 0:00:00]} 4. Nxd4 {[%emt 0:00:01]} Nf6 {[%emt 0:00:01]} 5. Nc3 {[%emt 0:00:02]} a6 {[%emt 0:00:01]} 6. h3 {[%emt 0:00:01]} g6 {[%emt 0:00:02]} 7. Be3 {[%emt 0:00:08]} Bg7 {[%emt 0:00:05]} 8. Qd2 {[%emt 0:00:06]} b5 {[%emt 0:00:09]} 9. a3 {[%emt 0:00:08]} Bb7 {[%emt 0:00:02]} 10. f3 {[%emt 0:00:01]} Nbd7 {[%emt 0:00:02]} 11. g4 {[%emt 0:00:09]} Rc8 {[%emt 0:00:02]} 12. h4 {[%emt 0:00:12]} Ne5 {[%emt 0:00:43]} 13. h5 {[%emt 0:00:12]} Nfd7 {[%emt 0:00:06]} 14. hxg6 {[%emt 0:00:34]} hxg6 {[%emt 0:00:01]} 15. Rxh8+ {[%emt 0:00:01]} Bxh8 {[%emt 0:00:01]} 16. Qh2 {[%emt 0:00:15]} Bg7 {[%emt 0:00:03]} 17. Qh7 {[%emt 0:00:06]} Bf8 {[%emt 0:00:09]} 18. O-O-O {[%emt 0:00:54]} Rxc3 {[%emt 0:00:04]} 19. bxc3 {[%emt 0:00:01]} Qa5 {[%emt 0:00:02]} 20. Kd2 {[%emt 0:00:11]} Nb6 {[%emt 0:00:07]} 21. Nb3 {[%emt 0:00:13]} Nbc4+ {[%emt 0:00:22]} 22. Bxc4 Nxc4+ {[%emt 0:00:00]} 23. Kd3 {[%emt 0:00:02]} Ne5+ {[%emt 0:00:20]} 24. Kd2 {[%emt 0:00:10]} Nxf3+ {[%emt 0:00:06]} 25. Ke2 {[%emt 0:00:01]} Qa4 {[%emt 0:00:01]} 26. Kxf3 {[%emt 0:00:08]} Qxe4+ {[%emt 0:00:01]} 27. Ke2 {[%emt 0:00:01]} Qg2+ {[%emt 0:00:07]} 28. Ke1 {[%emt 0:00:12]} Bf3 {[%emt 0:00:07]} 29. Rd2 {[%emt 0:00:01]} Qxg4 {[%emt 0:00:17]} 30. Nd4 {[%emt 0:00:03]} Bd5 {[%emt 0:00:07]} 31. Qh2 {[%emt 0:00:04]} Qe4 {[%emt 0:00:07]} 32. Ne2 {[%emt 0:00:02]} Qxe3 {[%emt 0:00:12]} 33. Rxd5 {[%emt 0:00:01]} Bg7 {[%emt 0:00:00]} 34. Rd3 {[%emt 0:00:02]} Qc5 {[%emt 0:00:04]} 35. Qg2 {[%emt 0:00:02]} Qc8 {[%emt 0:00:10]} 36. Nd4 {[%emt 0:00:01]} Kf8 {[%emt 0:00:03]} 37. Qf3 {[%emt 0:00:05]} Kg8 {[%emt 0:00:02]} 38. Re3 {[%emt 0:00:01]} e5 {[%emt 0:00:02]} 39. Ne2 {[%emt 0:00:01]} Qc5 {[%emt 0:00:05]} 40. Rd3 {[%emt 0:00:01]} Bh6 {[%emt 0:00:05]} 41. Qd5 {[%emt 0:00:01]} Qxa3 {[%emt 0:00:03]} 42. Rf3 {[%emt 0:00:01]} Qa1+ {[%emt 0:00:08]} 43. Kf2 {[%emt 0:00:01]} Bf4 {[%emt 0:00:08]} 44. Nxf4 {[%emt 0:00:02]} Qc1 {[%emt 0:00:06]} 45. Ne2 {[%emt 0:00:02]} 1-0